Central Library OPAC University of Rajshahi

বঙ্গ ও বঙ্গাল শব্দের উৎপত্তি ও ক্রমবিকাশ = (Introducing and Continuation of the Bonga and Bongal words) / (Record no. 79111)

MARC details
000 -LEADER
fixed length control field 01835nam a2200253 4500
001 - CONTROL NUMBER
control field 79111
003 - CONTROL NUMBER IDENTIFIER
rucl marc code BD-RjUL
005 - DATE AND TIME OF LATEST TRANSACTION
control field 20220103144130.0
008 - FIXED-LENGTH DATA ELEMENTS--GENERAL INFORMATION
fixed length control field 220103s2021 bg a|||| |||| 00| 0 ben d
035 ## - SYSTEM CONTROL NUMBER
System control number (BD-RjUL)79111
040 ## - CATALOGING SOURCE
Original cataloging agency BD-RjUL
Language of cataloging eng
Transcribing agency BD-RjUL
041 ## - LANGUAGE CODE
Language code of text/sound track or separate title eng
082 ## - DEWEY DECIMAL CLASSIFICATION NUMBER
Edition number 23
Classification number 491.442
Author mark and year KAB 2021
100 ## - MAIN ENTRY--PERSONAL NAME
Personal name কবির, মো. হুমায়ুন
9 (RLIN) 472
245 10 - TITLE STATEMENT
Title বঙ্গ ও বঙ্গাল শব্দের উৎপত্তি ও ক্রমবিকাশ = (Introducing and Continuation of the Bonga and Bongal words) /
Statement of responsibility, etc. গবেষণা প্রকল্প পরিচালক: মো. হুমায়ুন কবির, এ. এইচ. এম. তাহমিদুর রহমান
246 ## - VARYING FORM OF TITLE
Title proper/short title শিরোনাম:
Remainder of title বঙ্গ ও বঙ্গাল শব্দের উৎপত্তি ও ক্রমবিকাশ = (Introducing and Continuation of the Bonga and Bongal words)
260 ## - PUBLICATION, DISTRIBUTION, ETC. (IMPRINT)
Place of publication, distribution, etc. রাজশাহী:
Name of publisher, distributor, etc. চারুকলা অনুষদ,
Date of publication, distribution, etc. ২০২১
300 ## - PHYSICAL DESCRIPTION
Pagination ২২১ পাতা:
Illustrations চিত্র ;
Size ২৮ সেমি.
500 ## - GENERAL NOTE
General note "রাজশাহী বিশ্ববিদ্যালয়ের চারুকলা অনুষদের গবেষণা-প্রকল্প নং- ১৪৮/৫/৫২/রা.বি. চারুকলা-০১/২০১৯-২০২০ এর আওতায় গবেষণা-প্রকল্পের চূড়ান্ত প্রতিবেদন"
650 ## - SUBJECT ADDED ENTRY--TOPICAL TERM
Topical term or geographic name as entry element বাংলা ভাষা
General subdivision ইতিহাস
9 (RLIN) 473
Topical term or geographic name as entry element Bengali Language
General subdivision History
9 (RLIN) 474
700 ## - ADDED ENTRY--PERSONAL NAME
Personal name রহমান, এ. এইচ. এম. তাহমিদুর, যুগ্ম গবেষণা প্রকল্প পরিচালক
942 ## - ADDED ENTRY ELEMENTS (KOHA)
Source of classification or shelving scheme Dewey Decimal Classification
Koha item type Documents
Holdings
Lost status Source of classification or shelving scheme Damaged status Not for loan Collection code Permanent Location Current Location Shelving location Date acquired Source of acquisition Full call number Date last seen Copy number Koha item type
  Dewey Decimal Classification   Not For Loan Documentation Central Library, University of Rajshahi Central Library, University of Rajshahi Documentation Section 26/12/2021 Rajshahi, Controller of Exam., R. U. BDOC 491.442 KAB 2021 03/01/2022 C-1 Documents